Регионална библиотека "Любен Каравелов" - Русе

Происхождение и распространение на идеите (Запис номер 134992)

MARC детайли
000 -Лидер
Контролно поле с фиксирана дължина nam a22 a 4500
003 - Код на организацията, давaща контролен номер
Контролно поле BLK
005 - Дата и час на последна редакция
Контролно поле 20201014105554.0
008 - Елементи от данни с фиксирана дължина
fixed length control field 180409b bul|||||r ||||||| ||bul||
010 ## - Наследен системен номер
LC control number KNG00140913000
040 ## - Източник на каталожния запис
Идентификатор на билиотеката - собственик на записа BLK
041 ## - Код за език
Код за езика на текст/звукозапис или на отделно заглавие Български
Код за езика КДБФ Български
080 ## - УДК
Текстов определител УДК Марксизъм-ленинизъм. Научен комунизъм
УДК код - определител по УДК 141.82
УДК - код + определител 141.82
080 ## - УДК
Текстов определител УДК Форми на политическа организация. Държавите като политически сили. Вж и 308 ; 342
УДК код - определител по УДК 321
УДК - код + определител 321
100 1# - Редна дума - Автор
Автор Крживицки, Людвиг
Авторска отговорност първи автор
R(LIN) 84148
139 ## - Редно поле
Редна дума Крживицки, Людвиг
Авторски знак Кре - К 90
245 10 - Сведения за заглавието
Заглавие Происхождение и распространение на идеите
Редно поле (дума) Людвиг Крживицки; прев. и предг. Георги Иванов Бакалов.
257 ## - Страна на издаване
Страна на създаване/издаване Полша
260 ## - Област на издателските данни
Година на издаване 1897
Печатница Варна : печ. К. Николов
Място на издаване, разпространение и проч. Варна
300 ## - Физическа характеристика
Страници 128 с.
Размери/Мащаб 20 см
380 ## - Жанр
Жанр Философия
490 1# - СЕРИИ (Колекции)
Име на серия Библиотека по научния социализъм
№: серия № 5
490 ## - СЕРИИ (Колекции)
Име на серия Колекция Редки и ценни издания
9 (RLIN) 435080
500 ## - Общи забележки
Забележка Подв. към Осемнадесети брюмер на Луи Бонапарта / К. Маркс със сигн. Рб 897 и инв. № 7844 ; Инв. № 7845 и 16106 са самостоятелни кн. - Съдържа и По повод "Етюдите" на г. Кареев / Г. Бакалов ; Приложение Материалистическото разбиране на историята.
650 #4 - Допълнително описание по предмет – тема
Основно описание – тема или топоним Социализъм - теория
9 (RLIN) 243410
650 #4 - Допълнително описание по предмет – тема
Основно описание – тема или топоним Марксизъм
9 (RLIN) 275628
650 #4 - Допълнително описание по предмет – тема
Основно описание – тема или топоним Обществено мнение
9 (RLIN) 254886
653 ## - Ключова дума – ненормативна
Ключова дума социализъм
653 ## - Ключова дума – ненормативна
Ключова дума марксизъм
653 ## - Ключова дума – ненормативна
Ключова дума обществено мнение
700 1# - Други автори (авторска отговорност)
Лично име Бакалов, Георги Иванов
Автороска отговорност (Описва отношението между автора и произведението) прев. и предг.
9 (RLIN) 370516
852 ## - Местоположение
Форматна сигнатура Рб 897
Фондова буква Редки и ценни
856 4# - Електронен адрес и достъп
Електронен формат pdf - файл
999 ## - СИСТЕМНИ КОНТРОЛНИ НОМЕРА
Koha biblionumber 134992
Koha biblioitemnumber 134992
942 ## - АРТИКУЛИ
Вид на библиотечния материал Книги
Скрит в OPAC Не
Периодичен библиозапис Да
944 ## - СЪЗДАВАНЕ И РЕДАКЦИЯ на ЗАПИСА
Създаване/Редакция Създаване
Дата на регистрацията/редакция 15.03.2013
Статус, дата на статуса ф / 15.03.2013
Служител, извършил регистрацията/редакцията Людмила_Стоянова
944 ## - СЪЗДАВАНЕ И РЕДАКЦИЯ на ЗАПИСА
Създаване/Редакция Редакция
Дата на регистрацията/редакция 2020-10-13
999 ## - СИСТЕМНИ КОНТРОЛНИ НОМЕРА
Koha biblioitemnumber 134992
999 ## - СИСТЕМНИ КОНТРОЛНИ НОМЕРА
Koha biblioitemnumber 134992
999 ## - СИСТЕМНИ КОНТРОЛНИ НОМЕРА
Koha biblioitemnumber 134992
Наличности
Код за отписване Код за изгубен артикул Източник на класификационната схема Код за повреда Коз за рестрикции Код за отдаване Артикулен № Име на библиотеката - собственик Име на библиотеката, в която се намира в момента Статус (Текущо местоположение) Дата на вписване в системата Местоположение - отдел Цена в лева Инвентарен номер Систематично азбучна сигнатура Баркод Номер на екземпляра Цена в евро Служебна бележка Служебен тип на артикула
  Не е изгубен Universal Decimal Classification Не е повреден само за читалня Специални фондове ( старопечатни, редки и ценни, фонд М. Арнаудов) 220742 Регионална библиотека "Любен Каравелов" Русе Регионална библиотека "Любен Каравелов" Русе Редки и ценни 1897-01-01 Редки и ценни 0.10 16106 Рб 897 900000036354 1 0.05 N: стар фонд Дата: 01.01.1897 Дата инв: 15.12.2016 Бележки инв: Рц2016 Книги
  Не е изгубен Universal Decimal Classification Не е повреден само за читалня Специални фондове ( старопечатни, редки и ценни, фонд М. Арнаудов) 220743 Регионална библиотека "Любен Каравелов" Русе Регионална библиотека "Любен Каравелов" Русе Редки и ценни 1897-01-01 Редки и ценни 0.10 7845 Рб 897 900000036415 2 0.05 Дост: DA N: стар фонд Дата: 01.01.1897 Дата инв: 15.12.2016 Бележки инв: Рц2016 Книги
  Не е изгубен Universal Decimal Classification Не е повреден само за читалня Специални фондове ( старопечатни, редки и ценни, фонд М. Арнаудов) 220744 Регионална библиотека "Любен Каравелов" Русе Регионална библиотека "Любен Каравелов" Русе Редки и ценни 2013-06-25 Редки и ценни 20.00 120000767378 Рб 897 120000767378 3 10.23 Дост: DA Вид: А N: 14 Дата: 25.06.2013 Дата инв: 19.12.2016 Бележки инв: Рц2016 Книги
Vip Innovations Ltd, Rousse, Bulgaria 2025